[Event "Saarland-ch A"]
[Site "Schiffweiler"]
[Date "2009.04.06"]
[Round "4"]
[White "Mootz, Eric"]
[Black "Steinberg, Ruediger"]
[Result "1/2-1/2"]
[WhiteElo "1809"]
[BlackElo "1795"]
[PlyCount "94"]
[EventDate "2009.04.03"]
[EventType "swiss"]
[EventRounds "9"]
[EventCountry "GER"]
[SourceTitle "EXT 2012"]
[Source "ChessBase"]
[SourceDate "2011.11.24"]
[SourceVersion "1"]
[SourceVersionDate "2011.11.24"]
[SourceQuality "1"]

1. e4 c5 2. Nc3 Nc6 3. g3 g6 4. Bg2 Bg7 5. Nf3 d6 6. d3 e6 7. 0-0 Nge7 8. Ne2 0-0 9. c3 b6 10. d4 Qc7 11. Be3 Ba6 12. Re1 Rad8 13. Rc1 Qb8 14. Ng5 cxd4 15. Nxd4 Ne5 16. Bf1 Bc8 17. f4 h6 18. Nh3 Bb7 19. Nxe6 fxe6 20. fxe5 Bxe4 21. exd6 Rxd6 22. Qb3 Bd5 23. Qc2 e5 24. Bg2 Be6 25. Rcd1 Rfd8 26. Nf2 Kh7 27. Rxd6 Rxd6 28. Rd1 Nf5 29. Rxd6 Qxd6 30. Bc1 Qc5 31. Kh1 Ne3 32. Bxe3 Qxe3 33. Be4 Bf7 34. Kg2 Qc5 35. h4 Bd5 36. Kh2 Bxe4 37. Nxe4 Qc6 38. Qg2 Kh8 39. Kh3 Qe6+ 40. g4 Qxa2 41. Ng3 Qf7 42. Qa8+ Bf8 43. h5 gxh5 44. Nxh5 Qf1+ 45. Kh4 Qf2+ 46. Kh3 Qf1+ 47. Kh4 Qf2+ 1/2-1/2